Recherches sur la litterature didactique du droit romain
Bewaard in:
| Hoofdauteur: | |
|---|---|
| Formaat: | Boek |
| Taal: | Frans |
| Gepubliceerd in: |
s.l
s.n
1950
|
| Onderwerpen: | |
| Tags: |
Voeg label toe
Geen labels, Wees de eerste die dit record labelt!
|
MARC
| LEADER | 00000nam a2200000 a 4500 | ||
|---|---|---|---|
| 001 | UCR3624 | ||
| 003 | CL-VaPUC | ||
| 008 | 980128e19500000fr |||||||||||||||||fre|d | ||
| 082 | 0 | 4 | |a 340.54 |b VIL |2 21 |
| 100 | |a Villey, Michel |e autor |9 257972 | ||
| 245 | 1 | 0 | |a Recherches sur la litterature didactique du droit romain |
| 300 | |a 84 p | ||
| 942 | |c BK | ||
| 945 | |d 19980128 00:00:00 |a crobeson | ||
| 260 | |a s.l |b s.n |c 1950 | ||
| 600 | 0 | |a Cicerón, Marco Tulio |e autor |9 255203 | |
| 650 | 0 | |a Derecho romano |9 255930 | |
| 650 | 7 | |a DERECHO ANTIGUO |2 CL-VaPUC |9 402650 | |
| 650 | 0 | |a Derecho civil |9 255013 | |
| 583 | |a last modification |c 20180102 06:20:24 |k Rodrigo Vera | ||
| 999 | |c 266677 |d 266675 | ||
| 952 | |0 0 |1 0 |4 0 |6 340_540000000000000_VIL_1950 |7 0 |8 DER_ROM |9 298472 |a BIBDER |b BIBDER |d 2019-11-20 |i 1947540 |o 340.54 VIL 1950 |p 1947540 |r 2023-01-25 |w 2019-11-20 |x Ubicación 4to piso |y BK |z Este recurso debe solicitarse con anticipación |k DER | ||